Selecta SS. Patrum Opuscula. De sacrorum ministrorum officiis cum novis praefationibus ac notis tomus primus

Detalles Bibliográficos
Formato: Libro
Lenguaje:Undetermined
Latin
Materias:
Colección:Banco de datos
Descripción Física:tomo 4°
Tipo de acervo:Fondo Antiguo
Tema general:Patrología - Obras
Notas:texto a renglón seguido con apostillas marginales ; notas a pie de página ; incluye índice
LEADER 01333nam a2200241Ia 4500
008 221114s9999 xx 000 0 und d
040 |a Adabi  |b spa  |e rda 
041 |a lat 
090 |a tomo 1 (12836) 
245 0 |a Selecta SS. Patrum Opuscula. De sacrorum ministrorum officiis cum novis praefationibus ac notis  |b tomus primus 
264 |a Romae  |b Ex Typographia Marci Palearini  |c 1764 
300 |a tomo  |c 4° 
388 |a Siglo 18 
500 |a texto a renglón seguido con apostillas marginales ; notas a pie de página ; incluye índice 
561 |a Fundación Alfredo Harp Helú México, bajo la custodia de Apoyo al Desarrollo de Archivos y Bibliotecas de México 
563 |a encuadernación rígida en pergamino ; ; cantos pintados 
583 |a Limpieza de cantos y tapas, monitoreo de estado de conservación, en proyecto Conservación preventiva de la Biblioteca José Lorenzo Cossío y Cosío, del 3 de agosto al 30 de octubre de 2020, por el Centro de Conservación Restauración y Encuadernación de Adabi de México 
597 |a ex libris en estampa: Lic. José L. Cossío ; letras capitulares 
599 |a portada tipográfica con grabado calcográfico 
650 |a Patrología - Obras 
852 |a Biblioteca José Lorenzo Cossío y Cosío - Adabi de México  |b Fondo Antiguo 
945 |a CBC 
999 |c 1132169  |d 1132169